Catálogo
 En Linea

Arquivo Arthur Ramos : (Registro nro. 15405)

Detalles MARC
000 -CABECERA
campo de control de longitud fija 01164cam a2200265 a 4500
001 - NÚMERO DE CONTROL
campo de control 000015863
005 - FECHA Y HORA DE LA ÚLTIMA TRANSACCIÓN
campo de control 20260316091326.0
008 - DATOS DE LONGITUD FIJA--INFORMACIÓN GENERAL
campo de control de longitud fija 051004s2004 bl a bc 001 0 por d
020 ## - NÚMERO INTERNACIONAL ESTÁNDAR DEL LIBRO
Número Internacional Estándar del Libro 8533302797
040 ## - FUENTE DE LA CATALOGACIÓN
Centro catalogador/agencia de origen DO-SdBNP
Lengua de catalogación spa
Centro/agencia transcriptor BNPHU
082 ## - NÚMERO DE LA CLASIFICACIÓN DECIMAL DEWEY
Número de clasificación 017.2
Número de documento/Ítem A77
110 1# - ENTRADA PRINCIPAL--NOMBRE DE ENTIDAD CORPORATIVA
Nombre de entidad corporativa o nombre de jurisdicción como elemento de entrada Brasil,
Unidad subordinada Biblioteca Nacional
-- Divisao de Manuscritos.
9 (RLIN) 35704
245 10 - MENCIÓN DE TÍTULO
Título Arquivo Arthur Ramos :
Resto del título inventário analítico /
Mención de responsabilidad, etc. organización y descripción Vera Lucia Miranda Faillace ; inventario preliminar Ana Lucia Louzada Werneck, Ana Maria Guerra, Bartolomeu Homem d'el Rei Pinto ; índice Ana Lucia Merege Correa.
260 ## - PUBLICACIÓN, DISTRIBUCIÓN, ETC.
Lugar de publicación, distribución, etc. Río de Janeiro :
Nombre del editor, distribuidor, etc. Biblioteca Nacional,
Fecha de publicación, distribución, etc. 2004.
300 ## - DESCRIPCIÓN FÍSICA
Extensión 539 p. :
Otras características físicas il. ;
Dimensiones 23 cm.
490 1# - MENCIÓN DE SERIE
Mención de serie Rodolfo Garcia,
Designación de volumen o secuencia v. 30
504 ## - NOTA DE BIBLIOGRAFÍA, ETC.
Nota de bibliografía, etc. Incluye referencias bibliográficas e índice.
600 10 - PUNTO DE ACCESO ADICIONAL DE MATERIA--NOMBRE DE PERSONA
Nombre de persona RAMOS, ARTHUR,
Fechas asociadas al nombre 1903-1949
Subdivisión general BIOBLIOTECA
Subdivisión de forma CATÁLOGOS
9 (RLIN) 35705
650 10 - PUNTO DE ACCESO ADICIONAL DE MATERIA--TÉRMINO DE MATERIA
Término de materia o nombre geográfico como elemento de entrada Archivos personales
9 (RLIN) 35706
700 1# - PUNTO DE ACCESO ADICIONAL--NOMBRE DE PERSONA
Nombre de persona Faillace, Vera Lúcia Miranda.
9 (RLIN) 35707
700 1# - PUNTO DE ACCESO ADICIONAL--NOMBRE DE PERSONA
Nombre de persona Louzada Werneck, Ana Lúcia.
9 (RLIN) 35708
700 1# - PUNTO DE ACCESO ADICIONAL--NOMBRE DE PERSONA
Nombre de persona Guerra, Ana María.
9 (RLIN) 35709
700 1# - PUNTO DE ACCESO ADICIONAL--NOMBRE DE PERSONA
Nombre de persona Rei Pinto, Bartolomeu Homem d'el.
9 (RLIN) 35710
700 1# - PUNTO DE ACCESO ADICIONAL--NOMBRE DE PERSONA
Nombre de persona Merege Correa, Ana Lúcia.
9 (RLIN) 35711
Existencias
Estado de retiro Estado de pérdida Restricciones de uso No para préstamo Código de colección Localización permanente Ubicación/localización actual Ubicación en estantería Fecha de adquisición Número de inventario Total de préstamos Signatura topográfica completa Código de barras Fecha visto por última vez Precio válido a partir de Tipo de ítem Koha
    Préstamo interno   Monografías: Libros y Folletos General General En catalogación 19.02.2010 LF1   017.2 A77 15863-10 25.06.2020 25.06.2020 Préstamo interno

Con tecnología Koha